000 00966nam a2200253 i 4500
001 9088
003 KOSZ 005
005 20200403114841.0
008 080908s1964 pl a f 001 0 pol
015 _aPB 1964/3557
040 _aWA N
_cWA N
_dKOSZ 005/RW
080 _a681
100 1 _aTryliński, Władysław
_d(1907-2000)
_eAutor
245 1 0 _aDrobne mechanizmy i przyrządy precyzyjne :
_bpodstawy konstrukcji /
_cWładysław Tryliński.
250 _aWyd. 2 popr. i uzup.
260 _aWarszawa :
_bWydawnictwa Naukowo-Techniczne,
_c1964.
300 _a478, [1] s. :
_bil. ;
_c25 cm.
380 _aKsiążki.
504 _aBibliogr. przy rozdz. Indeks.
586 8 _aNagroda Ministerstwa Szkolnictwa Wyższego 2 stopnia jako wyróżniający się podręcznik.
710 2 _aWydawnictwa Naukowo-Techniczne
_4pbl.
856 _uhttp://koha.tu.koszalin.pl/cgi-bin/koha/opac-detail.pl?biblionumber=9088
_yKatalog online BPK
942 _2UKD
_cKS
999 _c9088
_d9088